भारत का संविधान : (Record no. 145879)
[ view plain ]
| 000 -LEADER | |
|---|---|
| fixed length control field | 01024nam a22001817a 4500 |
| 005 - DATE AND TIME OF LATEST TRANSACTION | |
| control field | 20180913103255.0 |
| 010 ## - LCCN (DPL NO) | |
| LC control number | HIN-114527 |
| 020 ## - INTERNATIONAL STANDARD BOOK NUMBER | |
| International Standard Book Number | 9780199485192 |
| Terms of availability | 225.00 |
| 037 ## - SOURCE OF ACQUISITION | |
| Source of stock number/acquisition | DBAD/PUB |
| 082 ## - DEWEY DECIMAL CLASSIFICATION NUMBER | |
| Classification number | 342.54 |
| 100 ## - MAIN ENTRY--PERSONAL NAME | |
| Personal name | खोसला,माघव |
| 245 1# - TITLE STATEMENT | |
| Title | भारत का संविधान : |
| Statement of responsibility, etc | माघव खोसला, प्रांशु प्रकाश एवं मृणाल चन्द्र द्वाराअनुवादित |
| Remainder of title | आॅक्सफ़ोर्ड भारत संक्षिप्त परिचय / |
| 246 ## - VARYING FORM OF TITLE | |
| Title proper/short title | Bharat ka Sanvidhan,Oxford Bharat Sankshipt Parichy / |
| 260 ## - PUBLICATION, DISTRIBUTION, ETC. (IMPRINT) | |
| Place of publication, distribution, etc | नई दिल्ली |
| Name of publisher, distributor, etc | आॅक्सफ़ोर्ड यूनिवर्सिटी प्रेस |
| Date of publication, distribution, etc | 2018 |
| 270 ## - ADDRESS | |
| Address | 2/11 भूतल,अंसारी रोड,दरियागंज, |
| City | नई दिल्ली |
| Postal code | 110002 |
| 300 ## - PHYSICAL DESCRIPTION | |
| Extent | 172पृ. |
| Dimensions | 20सेमी (अजिल्द) |
| 942 ## - ADDED ENTRY ELEMENTS (KOHA) | |
| Institution code [OBSOLETE] | dpl |
| Item type | Hindi Books |
| Source of classification or shelving scheme | Dewey Decimal Classification |
| Classification part | 342.54 |
| Call number suffix | खोसला |
| Withdrawn status | Lost status | Not for loan | Collection code | Home library | Current library | Date acquired | Source of acquisition | Cost, normal purchase price | Full call number | Barcode | Copy number | Cost, replacement price | Koha item type |
|---|---|---|---|---|---|---|---|---|---|---|---|---|---|
| Not For Loan | Non-fiction | D.B.Act.Division | Bawana | 24/07/2018 | DBAD/PUB | 225.00 | 342.54 खोसला | HN-86873 | 1 | 225.00 | Hindi Books |
